000 00355nam a2200121Ia 4500
008 201216s9999 xx 000 0 und d
100 _aRaychaudhuri, Tapan and Habib, Irfan (ed.)
245 0 _a(The) Cambridge Economic History of India (C. 1200 - C. 1750)
260 _aLondon
_bCambridge University Press
300 _a543
490 _vVol I
942 _cBK
999 _c6472
_d6472